[Event "BILL WALTON MEMORIAL"]
[Site "SchemingMind.com"]
[Date "2024.06.24"]
[Round "-"]
[White "capablanca"]
[Black "The Stonewall"]
[Result "0-1"]
[WhiteCountry "GER"]
[BlackCountry "ENG"]
[WhiteElo "1670"]
[WhiteRD "69"]
[BlackElo "2220"]
[BlackRD "71"]
[GameID "745508"]

1. e4 g6 2. d4 Bg7 3. Nf3 d6 4. Nc3 Nf6 5. Bc4 O-O 6. Bd2 Nxe4 7. Nxe4 d5 8. Bxd5 Qxd5 9. Nc3 Qh5 10. Ne2 Bg4
11. Ng3 Bxf3 12. Qxf3 Qxf3 13. gxf3 Bxd4 14. c3 Bb6 15. Be3 Nc6 16. O-O Ne5 17. Kg2 Rfd8 18. Bxb6 axb6 19. a3 Nd3 20. b4 Nf4+
21. Kg1 Rd3 22. Rfe1 Rxc3 23. Rxe7 Ne6 24. Rd7 Rxf3 25. Ne4 Raxa3 26. Rxa3 Rxa3 27. Nf6+ Kf8 28. Ne4 Rb3
0-1

[Event "BILL WALTON MEMORIAL"]
[Site "SchemingMind.com"]
[Date "2024.06.23"]
[Round "-"]
[White "The Stonewall"]
[Black "capablanca"]
[Result "1-0"]
[WhiteCountry "ENG"]
[BlackCountry "GER"]
[WhiteElo "2220"]
[WhiteRD "71"]
[BlackElo "1670"]
[BlackRD "69"]
[GameID "745509"]

1. d4 d5 2. Nf3 Nc6 3. g3 Bf5 4. Bg2 e6 5. O-O Nf6 6. c4 dxc4 7. Nbd2 Be7 8. Nxc4 O-O 9. b3 Be4 10. Bb2 Nd5
11. Nfe5 Bxg2 12. Nxc6 bxc6 13. Kxg2 c5 14. dxc5 Bxc5 15. e4 Nb4 16. Qe2 Qd3 17. Qg4 Bd4 18. Rad1
1-0

[Event "BILL WALTON MEMORIAL"]
[Site "SchemingMind.com"]
[Date "2024.06.23"]
[Round "-"]
[White "capablanca"]
[Black "Chessibelle"]
[Result "1-0"]
[WhiteCountry "GER"]
[BlackCountry "ENG"]
[WhiteElo "1779"]
[WhiteRD "73"]
[BlackElo "1010"]
[BlackRD "61"]
[GameID "745510"]

1. e4 e5 2. Nf3 d6 3. d4 Nd7 4. Bc4 h6 5. Nc3 a6 6. dxe5 f6 7. exd6 c6 8. Bf4 b5 9. Bxg8 Rxg8 10. Nh4 g5
11. Qh5+
1-0

[Event "BILL WALTON MEMORIAL"]
[Site "SchemingMind.com"]
[Date "2024.06.23"]
[Round "-"]
[White "Chessibelle"]
[Black "capablanca"]
[Result "0-1"]
[WhiteCountry "ENG"]
[BlackCountry "GER"]
[WhiteElo "1010"]
[WhiteRD "61"]
[BlackElo "1779"]
[BlackRD "73"]
[GameID "745511"]

1. Nf3 d5 2. d4 Nf6 3. g3 Bf5 4. a3 e6 5. Ne5 Bd6 6. f4 Be4 7. Rg1 Nfd7 8. Nc3 Bf5 9. e3 f6 10. b4 fxe5
11. fxe5 Be7 12. Be2 O-O 13. Bf3 Bxc2 14. Qxc2 Rxf3 15. Ne2 g5 16. Rg2 Qf8 17. Ng1 Rf1+ 18. Ke2 c6 19. Kd3 Qf5+ 20. Kd2 Rf2+
21. Kd1 Qxc2+ 22. Ke1 Rxg2 23. e4 Rxg1#
0-1

[Event "BILL WALTON MEMORIAL"]
[Site "SchemingMind.com"]
[Date "2024.06.23"]
[Round "-"]
[White "capablanca"]
[Black "Thomas Jacob Kelly"]
[Result "0-1"]
[WhiteCountry "GER"]
[BlackCountry "USA"]
[WhiteElo "1670"]
[WhiteRD "69"]
[BlackElo "1790"]
[BlackRD "79"]
[GameID "745512"]

1. e4 c5 2. Nf3 e6 3. d4 cxd4 4. Nxd4 a6 5. c4 Nf6 6. Bd3 Be7 7. O-O d6 8. Nc3 Nbd7 9. Bg5 O-O 10. Qc2 Re8
11. Kh1 Nf8 12. f4 Bd7 13. e5 dxe5 14. fxe5 Ng4 15. Bxe7 Qxe7 16. Rae1 Red8 17. Nf3 Bc6 18. Be4 Rd7 19. Bxc6 bxc6 20. Ne4 Ng6
21. Nd6 N4xe5 22. Nxe5 Nxe5 23. Rxe5 Qxd6 24. Rh5 g6 25. Rh3 Rad8 26. Rhf3 f5 27. h3 Qe5 28. R3f2 Rd3 29. Re2 Qd6 30. Qa4 c5
31. Qc2 Kf7 32. Rfe1 Rd1 33. Rxd1 Qxd1+ 34. Qxd1 Rxd1+ 35. Kh2 Kf6 36. a3 f4
0-1

[Event "BILL WALTON MEMORIAL"]
[Site "SchemingMind.com"]
[Date "2024.06.23"]
[Round "-"]
[White "Thomas Jacob Kelly"]
[Black "capablanca"]
[Result "1-0"]
[WhiteCountry "USA"]
[BlackCountry "GER"]
[WhiteElo "1790"]
[WhiteRD "79"]
[BlackElo "1670"]
[BlackRD "69"]
[GameID "745513"]

1. e4 e5 2. Nf3 Nc6 3. Bc4 Bc5 4. c3 d6 5. O-O Nf6 6. b4 Bb6 7. a4 a6 8. d3 Be6 9. Qb3 Bxc4 10. Qxc4 Ne7
11. a5 Ba7 12. Be3 O-O 13. h3 Bb8 14. Nbd2 c6 15. Bg5 Ng6 16. g3 h6 17. Be3 d5 18. Qb3 Qd7 19. Kg2 Ba7 20. Bxa7 Rxa7
21. Rae1 Re8 22. Qc2 Raa8 23. Nb3 Qd6 24. Nc5 Rab8 25. Nd2 Nd7 26. Nxd7 Qxd7 27. f3 dxe4 28. fxe4 Rbd8 29. Qa2 Rf8 30. Re3 Rde8
31. Nb3 Qe6 32. Rf2 Re7 33. Qb2 Qd6 34. Nd2 Qd7 35. d4 Rd8 36. Nf3 f6 37. Rd2 Qe6 38. Red3 Red7 39. Qc2 Ne7 40. dxe5 Rxd3
41. Rxd3 Rxd3 42. Qxd3 Qa2+ 43. Kg1 Qa1+ 44. Kf2 Qb2+ 45. Ke3 Qc1+ 46. Kd4 fxe5+ 47. Nxe5 Qg1+ 48. Kc4
1-0

[Event "BILL WALTON MEMORIAL"]
[Site "SchemingMind.com"]
[Date "2024.06.23"]
[Round "-"]
[White "capablanca"]
[Black "eliecercruzr"]
[Result "0-1"]
[WhiteCountry "GER"]
[BlackCountry "CUB"]
[WhiteElo "1670"]
[WhiteRD "69"]
[BlackElo "2429"]
[BlackRD "66"]
[GameID "745514"]

1. e4 c5 2. Nf3 Nc6 3. d4 d6 4. dxc5 Qa5+ 5. Nc3 Nf6 6. Bd2 Qxc5 7. Be3 Qa5 8. Bd2 Qd8 9. Bc4 a6 10. a4 e6
11. O-O Be7 12. Re1 Qc7 13. Bg5 O-O 14. Bxf6 Bxf6 15. Bb3 Bd7 16. Rb1 Rfd8 17. Ne2 Na5 18. c3 Nxb3 19. Qxb3 b5 20. axb5 Bxb5
21. Ned4 Be8 22. Qc2 a5 23. Qd3 a4 24. Nd2 d5 25. exd5 Rxd5 26. Qc4 Qxc4 27. Nxc4 Bxd4 28. cxd4 Rxd4 29. Na3 Rb8 30. Re2 Rdb4
31. h3 h6 32. Rc2 Rb3 33. Nc4 a3
0-1

[Event "BILL WALTON MEMORIAL"]
[Site "SchemingMind.com"]
[Date "2024.06.23"]
[Round "-"]
[White "eliecercruzr"]
[Black "capablanca"]
[Result "1-0"]
[WhiteCountry "CUB"]
[BlackCountry "GER"]
[WhiteElo "2429"]
[WhiteRD "66"]
[BlackElo "1670"]
[BlackRD "69"]
[GameID "745515"]

1. e4 e5 2. Nf3 Nc6 3. Bc4 Bc5 4. c3 Nf6 5. d4 exd4 6. e5 Qe7 7. cxd4 Bb4+ 8. Kf1 Ng8 9. a3 Ba5 10. b4 Bb6
11. Nc3 d6 12. Bg5 Qd7 13. exd6 Qxd6 14. d5 Nce7 15. Nb5 Qg6 16. d6 f6 17. Be3 a6 18. dxc7 axb5 19. Qd8#
1-0

[Event "BILL WALTON MEMORIAL"]
[Site "SchemingMind.com"]
[Date "2024.06.22"]
[Round "-"]
[White "Steven DuCharme"]
[Black "pawngrabber"]
[Result "1/2-1/2"]
[WhiteCountry "USA"]
[BlackCountry "ENG"]
[WhiteElo "1551"]
[WhiteRD "53"]
[BlackElo "1735"]
[BlackRD "67"]
[GameID "745531"]

1. Nf3 d5 2. e3 Nf6 3. c4 g6 4. Be2 dxc4 5. Qa4+ Bd7 6. Qxc4 Bg7 7. O-O O-O 8. Nc3 Nc6 9. a3 a6 10. b4 Ng4
11. Bb2 Nce5 12. Nxe5 Nxe5 13. Qb3 Bc6 14. d4 Nd7 15. d5 Bb5 16. Nxb5 axb5 17. Bxg7 Kxg7 18. Bxb5 Nf6 19. Bc4 Qd6 20. f3 c6
21. dxc6 Qxc6 22. a4 e6 23. Bb5 Qb6 24. Kh1 Rfd8 25. Rad1 Rxd1 26. Rxd1 Rd8 27. Rxd8 Qxd8 28. Bc4 Qd2 29. h3 Nh5 30. Bxe6 fxe6
31. Qxe6 Qe1+=
1/2-1/2

[Event "BILL WALTON MEMORIAL"]
[Site "SchemingMind.com"]
[Date "2024.06.22"]
[Round "-"]
[White "pawngrabber"]
[Black "Steven DuCharme"]
[Result "0-1"]
[WhiteCountry "ENG"]
[BlackCountry "USA"]
[WhiteElo "1735"]
[WhiteRD "67"]
[BlackElo "1551"]
[BlackRD "53"]
[GameID "745532"]

1. d4 d5 2. c4 e6 3. cxd5 exd5 4. Nf3 Bb4+ 5. Bd2 Bxd2+ 6. Qxd2 Nf6 7. Nc3 O-O 8. e3 Re8 9. Be2 Nc6 10. O-O a6
11. Rac1 Bg4 12. h3 Bh5 13. a3 Ne4 14. Nxe4 dxe4 15. Ne1 Bxe2 16. Qxe2 g6 17. Qc4 Qh4 18. f3 exf3 19. Rxf3 Re7 20. Nd3 Rae8
21. Rcf1 Nd8 22. Ne5 Rxe5 23. dxe5 Qxc4
0-1

[Event "BILL WALTON MEMORIAL"]
[Site "SchemingMind.com"]
[Date "2024.06.23"]
[Round "-"]
[White "capablanca"]
[Black "pawngrabber"]
[Result "0-1"]
[WhiteCountry "GER"]
[BlackCountry "ENG"]
[WhiteElo "1779"]
[WhiteRD "73"]
[BlackElo "1808"]
[BlackRD "69"]
[GameID "745533"]

1. e4 d6 2. d4 Nf6 3. Nc3 g6 4. Bf4 Bg7 5. Bc4 Nxe4 6. Bxf7+ Kxf7 7. Nxe4 Rf8 8. Nf3 Kg8 9. Be3 Bg4 10. Ned2 e5
11. dxe5 Bxe5 12. Qc1 Bg7 13. h3 Bd7 14. O-O Nc6 15. c3 a6 16. Nb3 Bxh3 17. gxh3 Rxf3 18. Kg2 Rf7 19. Nd2 Ne5 20. Nf3 Nxf3
0-1

[Event "BILL WALTON MEMORIAL"]
[Site "SchemingMind.com"]
[Date "2024.06.23"]
[Round "-"]
[White "pawngrabber"]
[Black "capablanca"]
[Result "1/2-1/2"]
[WhiteCountry "ENG"]
[BlackCountry "GER"]
[WhiteElo "1808"]
[WhiteRD "69"]
[BlackElo "1779"]
[BlackRD "73"]
[GameID "745534"]

1. d4 d5 2. c4 c6 3. cxd5 cxd5 4. Nc3 Nf6 5. Nf3 Bf5 6. e3 e6 7. Bd3 Bxd3 8. Qxd3 Be7 9. O-O O-O 10. Bd2 Nc6
11. a3 Na5 12. Ne5 Nb3 13. Rad1 Nxd2 14. Qxd2 Rc8 15. Rc1 Nd7 16. Nxd7 Qxd7 17. Ne2 Rxc1=
1/2-1/2

[Event "BILL WALTON MEMORIAL"]
[Site "SchemingMind.com"]
[Date "2024.06.23"]
[Round "-"]
[White "Derek Price"]
[Black "pawngrabber"]
[Result "1-0"]
[WhiteCountry "ENG"]
[BlackCountry "ENG"]
[WhiteElo "2422"]
[WhiteRD "66"]
[BlackElo "1740"]
[BlackRD "72"]
[GameID "745535"]

1. c4 Nf6 2. g3 c5 3. Bg2 g6 4. Nc3 Bg7 5. a3 d6 6. d3 Nc6 7. Nf3 O-O 8. O-O Bg4 9. h3 Bxf3 10. Bxf3 a6
11. Bg2 e6 12. Rb1 Rb8 13. b4 Nd7 14. Ne4 cxb4 15. axb4 b5 16. Nxd6 Nce5 17. c5 a5 18. d4 Nc4 19. Nxc4 bxc4 20. b5 Nf6
21. Bf4 Nd5 22. Bxb8 Qxb8 23. e3 e5 24. Bxd5
1-0

[Event "BILL WALTON MEMORIAL"]
[Site "SchemingMind.com"]
[Date "2024.06.23"]
[Round "-"]
[White "pawngrabber"]
[Black "Derek Price"]
[Result "0-1"]
[WhiteCountry "ENG"]
[BlackCountry "ENG"]
[WhiteElo "1740"]
[WhiteRD "72"]
[BlackElo "2422"]
[BlackRD "66"]
[GameID "745536"]

1. d4 d5 2. c4 c6 3. e3 Nf6 4. Nc3 e6 5. Nf3 Nbd7 6. Bd3 dxc4 7. Bxc4 b5 8. Bd3 Bb7 9. O-O a6 10. a3 c5
11. dxc5 Nxc5 12. Be2 Qxd1 13. Rxd1 Rc8 14. Nd2 Nd5 15. Nxd5 Bxd5 16. b4 Na4 17. e4 Ba8 18. Bf3 Be7 19. e5 Bxf3 20. Nxf3 Nc3
21. Re1 Nd5 22. Nd4 O-O 23. Bd2 Nb6 24. Bf4 Nc4 25. Nb3 Nxa3 26. Rxa3 Bxb4 27. Raa1 Bxe1 28. Rxe1 h6 29. h4 Rfd8 30. Ra1 Rd3
31. Na5 Rd4 32. g3 Ra4 33. Rxa4 bxa4 34. Bd2 a3 35. Nb3 Rc2 36. Be3 Rb2
0-1

[Event "BILL WALTON MEMORIAL"]
[Site "SchemingMind.com"]
[Date "2024.06.22"]
[Round "-"]
[White "pawngrabber"]
[Black "The Stonewall"]
[Result "0-1"]
[WhiteCountry "ENG"]
[BlackCountry "ENG"]
[WhiteElo "1735"]
[WhiteRD "67"]
[BlackElo "2220"]
[BlackRD "71"]
[GameID "745537"]

1. d4 Nf6 2. c4 e6 3. Nf3 d5 4. Nc3 Bb4 5. Bd2 O-O 6. e3 b6 7. Bd3 dxc4 8. Bxc4 Bb7 9. O-O c5 10. dxc5 Bxc5
11. Be2 Nc6 12. a3 Qb8 13. Qc2 Rc8 14. Rac1 Ne5 15. Qd1 Rd8 16. Rc2 Neg4 17. g3 Ne4 18. Nxe4 Bxe4 19. Qc1 Bxc2 20. Qxc2 Nf6
21. Bc3 Be7 22. Ng5 h6 23. Bxf6 Bxf6 24. Ne4 Qe5 25. Nxf6+ Qxf6 26. Ba6 Rd6 27. b4 Rad8 28. Qc7 R6d7 29. Qc2 Qe5 30. a4 Rc7
31. Qe2 Qe4 32. Qb5 Qf3 33. Qe2 Qxe2 34. Bxe2 Rd2 35. Bf3 Rc4 36. a5 Rxb4 37. axb6 axb6
0-1

[Event "BILL WALTON MEMORIAL"]
[Site "SchemingMind.com"]
[Date "2024.06.22"]
[Round "-"]
[White "The Stonewall"]
[Black "pawngrabber"]
[Result "1-0"]
[WhiteCountry "ENG"]
[BlackCountry "ENG"]
[WhiteElo "2220"]
[WhiteRD "71"]
[BlackElo "1735"]
[BlackRD "67"]
[GameID "745538"]

1. c4 Nf6 2. Nf3 g6 3. Nc3 Bg7 4. e4 d6 5. d4 O-O 6. Be2 c5 7. O-O cxd4 8. Nxd4 Bd7 9. Be3 Nc6 10. Qd2 Ng4
11. Bxg4 Bxg4 12. f3 Bd7 13. Rad1 a6 14. Qf2 Rc8 15. b3 Ne5 16. Qd2 Re8 17. Kh1 Qa5 18. a4 Nc6 19. Rb1 Qb4 20. Nde2 Be6
21. Qc1 Qa5 22. Rd1 Qh5 23. Nf4 Qh4 24. Qd2 Be5 25. Ncd5 Bxd5 26. cxd5 g5 27. g3 Qh6 28. dxc6 gxf4 29. gxf4 Bf6 30. Rg1+ Kh8
31. cxb7 Rb8 32. f5 Qh5 33. Rg3 Rxb7 34. Qg2 Rbb8 35. Rg1 Bh4 36. Bd4+ f6 37. Rg4 Qh6 38. Rxh4 Qxh4 39. Qg7#
1-0

[Event "BILL WALTON MEMORIAL"]
[Site "SchemingMind.com"]
[Date "2024.06.22"]
[Round "-"]
[White "pawngrabber"]
[Black "Chessibelle"]
[Result "1-0"]
[WhiteCountry "ENG"]
[BlackCountry "ENG"]
[WhiteElo "1808"]
[WhiteRD "69"]
[BlackElo "1010"]
[BlackRD "61"]
[GameID "745539"]

1. d4 d5 2. c4 e6 3. cxd5 Qxd5 4. Nc3 Qd8 5. e4 Nf6 6. Bg5 Be7 7. Nf3 Nc6 8. Bc4 O-O 9. O-O b6 10. a3 a5
11. Qd2 h6 12. Be3 Ng4 13. Bf4 f6 14. h3 g5 15. Bg3 Kg7 16. hxg4 Na7 17. e5 c6 18. Rad1 b5 19. Ba2 Qc7 20. exf6+ Bxf6
21. Bxc7
1-0

[Event "BILL WALTON MEMORIAL"]
[Site "SchemingMind.com"]
[Date "2024.06.23"]
[Round "-"]
[White "Chessibelle"]
[Black "pawngrabber"]
[Result "0-1"]
[WhiteCountry "ENG"]
[BlackCountry "ENG"]
[WhiteElo "973"]
[WhiteRD "62"]
[BlackElo "1735"]
[BlackRD "67"]
[GameID "745540"]

1. Nf3 Nf6 2. d4 g6 3. e3 Bg7 4. Nc3 O-O 5. Be2 d5 6. g3 Nbd7 7. b3 c5 8. Bb2 cxd4 9. exd4 b6 10. Nb5 a6
11. Nc3 Bb7 12. O-O b5 13. b4 Rc8 14. Ng5 Nb6 15. Bf3 Nc4 16. Bc1 e6 17. a3 Ne8 18. Bg2 Ned6 19. Qg4 Nf5 20. f4 Bxd4+
21. Kh1 Bxc3 22. Rb1 Bg7 23. Qh3 h6 24. Nf3 Nce3 25. Re1 Nxg2 26. Qxg2 Qc7 27. Re2 d4 28. Rd2 Qc6 29. Rf2 Qc4 30. Qg1 Bxf3+
31. Rxf3 Qxc2 32. Bb2 Qe4 33. Rf1 Rc2 34. Bc1 Rfc8 35. Rf2 Rxf2 36. Qxf2 Rxc1+ 37. Kg2 Ne3+ 38. Kh3 Qf5+ 39. g4 Qxg4#
0-1

[Event "BILL WALTON MEMORIAL"]
[Site "SchemingMind.com"]
[Date "2024.06.22"]
[Round "-"]
[White "pawngrabber"]
[Black "Thomas Jacob Kelly"]
[Result "0-1"]
[WhiteCountry "ENG"]
[BlackCountry "USA"]
[WhiteElo "1735"]
[WhiteRD "67"]
[BlackElo "1790"]
[BlackRD "79"]
[GameID "745541"]

1. d4 f5 2. c4 Nf6 3. Nc3 e6 4. Bg5 Bb4 5. a3 Bxc3+ 6. bxc3 b6 7. Nf3 Nc6 8. e3 O-O 9. Be2 Na5 10. O-O Ba6
11. Qa4 Qc8 12. Bxf6 Rxf6 13. Ne5 c6 14. Rfe1 d6 15. Nf3 c5 16. d5 h6 17. Nd2 Rg6 18. dxe6 Qxe6 19. Bf3 Bb7 20. Qd1 Rb8
21. Bxb7 Rxb7 22. Qf3 Re7 23. Qd5 Kh7 24. Nf3 Nxc4 25. Qxe6 Rgxe6 26. Red1 g5 27. Ne1 Kg6 28. Nd3 b5 29. a4 a6 30. axb5 axb5
31. g3 Rb7 32. Rdb1 Nxe3 33. Ra5 Nd5 34. Raxb5 Rxb5 35. Rxb5 Nxc3 36. Nxc5 dxc5 37. Rxc5 Re1+ 38. Kg2 Ne4 39. Rc2 g4 40. h3 Ng5
41. hxg4 fxg4
0-1

[Event "BILL WALTON MEMORIAL"]
[Site "SchemingMind.com"]
[Date "2024.06.22"]
[Round "-"]
[White "Thomas Jacob Kelly"]
[Black "pawngrabber"]
[Result "1/2-1/2"]
[WhiteCountry "USA"]
[BlackCountry "ENG"]
[WhiteElo "1790"]
[WhiteRD "79"]
[BlackElo "1735"]
[BlackRD "67"]
[GameID "745542"]

1. e4 d6 2. f4 Nf6 3. Nc3 c5 4. Bc4 g6 5. d3 Nc6 6. Be3 Bg7 7. Qd2 Ng4 8. Nge2 Nxe3 9. Qxe3 a6 10. a4 Bg4
11. Kd2 Qa5 12. Kc1 h5 13. Rf1 Bxe2 14. Nxe2 e6 15. f5 Bh6 16. Nf4 e5 17. Kb1 Bxf4 18. Qh3 g5 19. c3 Qd8 20. g3 g4
21. Qg2 Bg5 22. h4 Bf6 23. Kc2 Kd7 24. Bxf7 Qe7 25. Be6+ Kc7 26. Rh1 Qf8 27. a5 b5 28. axb6+ Kxb6 29. Rhb1 a5 30. Qf2 Qe7
31. Bd5 a4 32. Kd1 Kc7 33. Ra3 Ra7 34. Rba1 Rha8 35. Ke1 Kd7 36. Kf1 Qd8 37. Kg2 Qb8 38. R1a2 Ra5 39. Qd2 Qd8 40. Be6+ Kc7
41. Qh6 Bxh4 42. Qxh5 Qg5 43. Qxh4 Qd2+ 44. Kg1 Qe1+ 45. Kg2 Qe2+=
1/2-1/2

[Event "BILL WALTON MEMORIAL"]
[Site "SchemingMind.com"]
[Date "2024.06.23"]
[Round "-"]
[White "pawngrabber"]
[Black "eliecercruzr"]
[Result "0-1"]
[WhiteCountry "ENG"]
[BlackCountry "CUB"]
[WhiteElo "1735"]
[WhiteRD "67"]
[BlackElo "2429"]
[BlackRD "66"]
[GameID "745543"]

1. d4 c6 2. c4 d5 3. cxd5 cxd5 4. Nc3 Nf6 5. Nf3 Nc6 6. e3 a6 7. a3 Bf5 8. Bd3 Bxd3 9. Qxd3 e6 10. O-O Rc8
11. Bd2 Bd6 12. b4 O-O 13. Rac1 Qd7 14. Na4 Nxb4 15. axb4 Qxa4 16. h3 Ne4 17. Ra1 Qc2 18. Qxc2 Rxc2 19. Be1 Rb2 20. Ra4 Rc8
21. Ne5 Bxe5 22. dxe5 Rc1 23. Kh2 Nd2 24. Rg1 Nc4
0-1

[Event "BILL WALTON MEMORIAL"]
[Site "SchemingMind.com"]
[Date "2024.06.23"]
[Round "-"]
[White "eliecercruzr"]
[Black "pawngrabber"]
[Result "1-0"]
[WhiteCountry "CUB"]
[BlackCountry "ENG"]
[WhiteElo "2429"]
[WhiteRD "66"]
[BlackElo "1735"]
[BlackRD "67"]
[GameID "745544"]

1. e4 d6 2. d4 Nf6 3. Nc3 g6 4. f4 Bg7 5. Nf3 c5 6. dxc5 Qa5 7. Qd3 Qxc5 8. Be3 Qa5 9. Qb5+ Qxb5 10. Bxb5+ Bd7
11. Bxd7+ Nbxd7 12. O-O-O Nb6 13. e5 dxe5 14. fxe5 Ng4 15. Bxb6 axb6 16. Rhe1 O-O 17. Rd7 e6 18. Rxb7 Rab8 19. Rxb8 Rxb8 20. b4 Rc8
21. Kb2 h5 22. h3 Nh6 23. a4 Nf5 24. Kb3 Rd8 25. Rd1 Rxd1 26. Nxd1 Ne7 27. Kc4 Nc6 28. Kb5 Nxe5 29. Nxe5 Bxe5 30. Kxb6
1-0